000 00255nmm a2200085Ia 4500
008 220120s9999||||xx |||||||||||||||||und||
100 _aDigit
245 0 _aBuild your own game, microsoft office 2013, learn 5 program
260 _aNine dot nine interactive ltd.
999 _c139798
_d139798